Les jours de l'homme /

Kaydedildi:
Detaylı Bibliyografya
Yazar: Besançon, Julien (autor)
Materyal Türü: Kitap
Dil:Fransızca
Edisyon:78a ed.
Konular:
Etiketler: Etiketle
Etiket eklenmemiş, İlk siz ekleyin!

MARC

LEADER 00000nam^a2200000^a^4500
001 000096106
005 20250521000000.0
009 20260310092932.51
037 |a Acervo ITESO - Biblioteca 
041 |a FRA 
082 |a 844.  |b BES 
100 |a Besançon, Julien  |e (autor) 
245 1 4 |a Les jours de l'homme /  |c D. Besancon. 
250 |a 78a ed. 
264 |a Buenos Aires, Argentina :  |b Hachette,  |c 1944 
300 |a 142 p. 
336 |a texto  |b txt  |2 rdacontenido 
337 |a sin mediación  |b n  |2 rdamedio 
338 |a volumen  |b nc  |2 rdasoporte 
649 |a XX 
650 |a Ensayos Franceses 
650 |a Literatura Francesa 
910 |a Fondo Jesús Rodríguez 
920 |a Impresos - Libros 
930 |a Fondos Especiales 
940 |a Literatura 
905 |a 113 
901 |a 0500031145  |b IT2  |c ESP  |u 20250521 
902 |a https://opac.biblio.iteso.mx/vufind/Record/000096106